Statistiken für Mysteriöse Route der Hauptstädte der Welt

Klicken Sie hier um das Quiz zu spielen!

Allgemein

  • Dieses Quiz wurde 295 mal gespielt
  • Das Durchschnittsergebnis liegt bei 10 aus 35

Antworten auf der Karte

Die Antworten werden auf der Karte rot bzw. grün angezeigt, abhängig davon wie oft sie richtig erraten wurden.
 

Antwortstatistiken

#Hauptstadt% Korrekt
StartMoskau
100%
1Ankara
68%
2Teheran
61%
3Kabul
55%
4Kuwait-Stadt
45%
6Athen
43%
5Kairo
43%
8London
43%
7Madrid
43%
9Oslo
43%
10Reykjavík
42%
11Tegucigalpa
38%
12Georgetown
34%
13Quito
34%
14Luanda
31%
15Juba
29%
16Victoria
26%
17Abu Dhabi
23%
18Neu-Delhi
20%
19Bangkok
18%
20Manila
18%
22Peking
18%
21Ulaanbaatar
18%
EndeKapstadt
17%
23Taipeh
17%
24Tokio
17%
25Port Moresby
14%
26Wellington
14%
28Malé
13%
27Singapur
13%
29Antananarivo
11%
30Dodoma
10%
31Asunción
9%
33Santiago
9%
32Sucre
9%

Verteilung der Resultate

Perzentil nach korrekt beantworteten Fragen

Anzahl Personen mit jedem Resultat

Ihre Resultats-Entwicklung

Sie haben dieses Quiz noch nicht gespielt